Fr. Conceicao Rodrigues College of Engineering

Partial differential equations for engineers and scientists (Record no. 23860)

MARC details
000 -LEADER
fixed length control field 00399nam a2200169Ia 4500
082 ## - DEWEY DECIMAL CLASSIFICATION NUMBER
Classification number 515.625
Item number SHA
100 ## - MAIN ENTRY--PERSONAL NAME
Personal name Sharma/J.N/ Singh/Kehar
250 ## - EDITION STATEMENT
Edition statement 2
245 ## - TITLE STATEMENT
Title Partial differential equations for engineers and scientists
260 ## - PUBLICATION, DISTRIBUTION, ETC.
Name of publisher, distributor, etc. Narosa
Date of publication, distribution, etc. 2009
366 ## - TRADE AVAILABILITY INFORMATION
Publishers's discount category 20
300 ## - PHYSICAL DESCRIPTION
Extent 339
546 ## - LANGUAGE NOTE
Language note ENGLISH
-- production
650 ## - SUBJECT ADDED ENTRY--TOPICAL TERM
Topical term or geographic name entry element Differential equations
942 ## - ADDED ENTRY ELEMENTS (KOHA)
Koha item type BOOK
Holdings
Withdrawn status Lost status Damaged status Not for loan Collection Home library Current library Date acquired Source of acquisition Cost, normal purchase price Inventory number Total Checkouts Full call number Barcode Date last seen Date last checked out Cost, replacement price Price effective from Koha item type
        CRC Fr. Agnel's C.Rodrigues College of Engineering Fr. Agnel's C.Rodrigues- College of Engineering 17/03/2023 Narosa Book Distributors 248.00 264 dt 22/05/2013 1 515.625 SHA 22691 28/06/2024 27/06/2024 310.00   BOOK